Ion sensing and inhibition studies using the transmembrane ion channel peptide gramicidin A entrapped in sol-gel-derived silica /
সংরক্ষণ করুন:
| প্রধান লেখক: | |
|---|---|
| অন্যান্য লেখক: | |
| বিন্যাস: | প্রবন্ধ |
| ভাষা: | English |
| বিষয়গুলি: | |
| ট্যাগগুলো: |
ট্যাগ যুক্ত করুন
কোনো ট্যাগ নেই, প্রথমজন হিসাবে ট্যাগ করুন!
|
| Thư viện lưu trữ: | Thư viện Trường Đại học Đà Lạt |
|---|
| LEADER | 00911nam a2200289 4500 | ||
|---|---|---|---|
| 001 | DLU090096856 | ||
| 005 | ##20091201 | ||
| 040 | # | # | |a DLU |b eng |
| 041 | # | # | |a eng |
| 044 | # | # | |a us |
| 100 | # | # | |a Besanger, Travis R. |
| 245 | # | # | |a Ion sensing and inhibition studies using the transmembrane ion channel peptide gramicidin A entrapped in sol-gel-derived silica / |c Travis R. Besanger, John D. Brennan. |
| 653 | # | # | |a Analytical chemistry |
| 653 | # | # | |a Ion sensing |
| 653 | # | # | |a Silica |
| 653 | # | # | |a Transmembrane |
| 700 | # | # | |a Brennan, John D. |
| 773 | # | # | |t Analytical Chemistry |g Vol. 75, no. 5 (March 2003), p. 1094-1101 |
| 920 | # | # | |a Phòng Tạp chí -- Trung tâm Thông tin - Thư viện Trường Đại học Đà Lạt |
| 994 | # | # | |a DLU |
| 900 | # | # | |a True |
| 911 | # | # | |a Trương Bảo Trâm Anh |
| 925 | # | # | |a G |
| 926 | # | # | |a A |
| 927 | # | # | |a BB |
| 980 | # | # | |a Thư viện Trường Đại học Đà Lạt |